| 000 | 00818cab a2200265 4500 | ||
|---|---|---|---|
| 001 | ABS53638 | ||
| 008 | 090401t1995 xxu||||| |||| 00| 0 eng d | ||
| 035 | _a(Sirsi) u5519 | ||
| 041 | _aeng | ||
| 100 | _aRowan-Robinson, J. | ||
| 245 | _aSustainable development and the development control process | ||
| 260 | _c1995 | ||
| 350 | _a0 | ||
| 490 |
_aTown Planning Review _v66(3) 1995, 269-285(9) |
||
| 520 | _aOutlines the role of the town and country planning system within the Government`s strategy for promoting sustainable development. | ||
| 650 | _aENVIRONMENTAL ASSESSMENT | ||
| 650 |
_aLand use _96251 |
||
| 650 | _aPLANNING CONTROL | ||
| 650 | _aSUSTAINABLE DEVELOPMENT | ||
| 690 | _aPLANNING LAW AND PRACTICE | ||
| 700 | _aRoss, A. | ||
| 700 | _aWalton, W. | ||
| 942 | _n0 | ||
| 948 | _c04/03/1997 | ||
| 999 |
_c3292 _d3292 |
||